Cơ học lượng tử /
Αποθηκεύτηκε σε:
| Κύριος συγγραφέας: | |
|---|---|
| Μορφή: | Sách giấy |
| Γλώσσα: | Vietnamese |
| Έκδοση: |
H. :
Chính trị Quốc gia,
1998
|
| Ετικέτες: |
Προσθήκη ετικέτας
Δεν υπάρχουν, Καταχωρήστε ετικέτα πρώτοι!
|
| Thư viện lưu trữ: | Thư viện Trường Đại học Đà Lạt |
|---|
| LEADER | 00557nam a2200241 4500 | ||
|---|---|---|---|
| 001 | DLU020019836 | ||
| 005 | ##3/14/2002 | ||
| 020 | # | # | |a 978- |
| 041 | # | # | |a vie |
| 082 | # | # | |a 530.12 |b NG-H |
| 100 | # | # | |a Nguyễn Xuân Hãn |
| 245 | # | # | |a Cơ học lượng tử / |c Nguyễn Xuân Hãn |
| 260 | # | # | |a H. : |b Chính trị Quốc gia, |c 1998 |
| 300 | # | # | |a 364 tr.; |c 21 cm. |
| 992 | # | # | |a 27500 |
| 994 | # | # | |a DLU |
| 900 | # | # | |a False |
| 911 | # | # | |a Administrator |
| 925 | # | # | |a G |
| 926 | # | # | |a A |
| 927 | # | # | |a SH |
| 980 | # | # | |a Thư viện Trường Đại học Đà Lạt |